[Event "GER-ch U20"]
[Site "Schierke"]
[Date "1998.??.??"]
[Round "2"]
[White "Lipinsky, Fabian"]
[Black "Doettling, Fabian"]
[Result "1/2-1/2"]
[WhiteElo "2395"]
[BlackElo "2345"]

1.d4 d5 2.c4 e6 3.Nc3 Be7 4.Nf3 Nf6 5.Bf4 O-O 6.e3 c5 7.dxc5 Bxc5 8.a3 Nc6
9.b4 Be7 10.cxd5 Nxd5 11.Nxd5 exd5 12.Bd3 Bf6 13.Rc1 Bg4 14.O-O Qe7 15.Rc5 Rfd8
16.Qc2 Bxf3 17.gxf3 g6 18.Kh1 Be5 19.Bg3 Bd6 20.Bxd6 Rxd6 21.f4 Rad8 22.Rg1 Qf6
23.Qc1 Ne7 24.Rg5 Rc6 25.Rxc6 bxc6 26.Qc5 Rd7 27.Kg2 h6 28.Re5 Qh4 29.h3 d4
30.exd4 Kg7 31.Be4 Qf6 32.Kg3 h5 33.Kf3 a6 34.Ke3 Rd6 35.Kd3 Rd7 36.Ke3 Rd6
37.f3 Rd7 38.Rg5 Nd5+ 39.Bxd5 cxd5 40.Rxd5 Qe6+ 41.Re5 Qb3+ 42.Kf2 Qxa3 43.Re2  1/2-1/2

[Event "Staufer op 10th"]
[Site "Schwaebisch Gmuend"]
[Date "1998.??.??"]
[Round "6"]
[White "Kalinitschew, Sergey"]
[Black "Meijers, Viesturs"]
[Result "1-0"]
[WhiteElo "2495"]
[BlackElo "2440"]

1.d4 d5 2.c4 e6 3.Nc3 Nf6 4.Nf3 Be7 5.Bf4 O-O 6.e3 b6 7.cxd5 exd5 8.Bd3 Bb7
9.Ne5 Nbd7 10.Qf3 a6 11.Rd1 Re8 12.g4 Bb4 13.Nxf7 Kxf7 14.g5 Kg8 15.gxf6 Nxf6
16.Rg1 Re7 17.Be5 Rf7 18.Qh3 Ne4 19.Qh5 c5 20.Bxe4 dxe4 21.dxc5 Qe7 22.Qxf7+ Qxf7
23.Rxg7+ Qxg7 24.Bxg7 Bc6 25.a3 Bxc3+ 26.Bxc3 bxc5 27.Rd6 Bb5 28.Re6 Re8
29.Rb6 Rd8 30.Rb7 Rd7 31.Rb8+ Kf7 32.Rc8 Rd5 33.Rc7+ Kg6 34.Rg7+ Kh6 35.Re7 Bd3
36.Be5 Kg6 37.Kd2 h5 38.h4 Kf5 39.Bg3 Kg4 40.Rf7 Bb1+ 41.Kc1 Bd3 42.b3 Kh3
43.Kb2 Be2 44.Re7 Rd2+ 45.Kc1 Rd1+ 46.Kc2 Rd5 47.Rb7 Kg2 48.Rb6 Kf1 49.Rd6 Rd3
50.Rxd3 Bxd3+ 51.Kc3 Kg2 52.Bd6 Kh3 53.Bxc5 Kxh4 54.f4 Kg4 55.Be7 h4 56.Bxh4 Kxh4
57.Kd4 Kg4 58.b4 Kf5 59.a4 Ke6 60.Kc5 Kd7  1-0

[Event "SVE-chT 9798"]
[Site "Sweden"]
[Date "1998.??.??"]
[Round "7"]
[White "Matros, Alexander"]
[Black "Vernersson, Per"]
[Result "1-0"]
[WhiteElo "2400"]
[BlackElo "2345"]

1.d4 d5 2.c4 e6 3.Nc3 Be7 4.Nf3 Nf6 5.Bf4 O-O 6.e3 c5 7.dxc5 Bxc5 8.a3 dxc4
9.Bxc4 a6 10.Qe2 b5 11.Bd3 Bb7 12.O-O Nbd7 13.Rfd1 Qe7 14.b4 e5 15.Bg5 Bb6
16.Bf5 Rfd8 17.Nd5 Bxd5 18.Rxd5 h6 19.Bxf6 Nxf6 20.Rxe5 Qd6 21.h3 g6 22.Bxg6 Nd7
23.Bxf7+ Kxf7 24.Ng5+ Kg7 25.Ne6+ Kh8 26.Re4 Nf6 27.Qb2 Bd4 28.exd4 Rd7 29.d5 Rf7
30.Rf4 Qe7 31.Re1 Kg8 32.d6  1-0

[Event "Tampere ELO Taraus"]
[Site "Tampere"]
[Date "1998.??.??"]
[Round "9"]
[White "Molander, Riku"]
[Black "Taivainen, Jukka"]
[Result "1-0"]
[WhiteElo "2235"]
[BlackElo "2260"]

1.Nf3 d5 2.d4 Nf6 3.c4 e6 4.Nc3 Be7 5.Bf4 O-O 6.e3 c5 7.dxc5 Bxc5 8.Qc2 Nc6
9.a3 Qa5 10.O-O-O Be7 11.h4 dxc4 12.Bxc4 a6 13.Ng5 h6 14.g4 Qc5 15.Nce4 Nxe4
16.Nxe4 Qa5 17.Rdg1 Ne5 18.g5 Nxc4 19.gxh6 Qf5 20.Rxg7+ Kh8 21.Qxc4 e5 22.Ng3 exf4
23.Nxf5 Bxf5 24.Qxf4 Rac8+ 25.Kd1 Rfd8+ 26.Ke2 Bd3+ 27.Kf3 Rc4 28.Qe5 Be4+
29.Qxe4 Rxe4 30.Kxe4  1-0

[Event "Tatry op"]
[Site "Tatranska Lomnica"]
[Date "1998.??.??"]
[Round "9"]
[White "Koziak, Vitali"]
[Black "Ostrowski, Leszek"]
[Result "1/2-1/2"]
[WhiteElo "2450"]
[BlackElo "2340"]

1.d4 Nf6 2.Nf3 e6 3.c4 d5 4.Nc3 Be7 5.Bf4 O-O 6.e3 c5 7.dxc5 Bxc5 8.a3 Nc6
9.Be2 a6 10.O-O dxc4 11.Bxc4 b5 12.Bd3 Bb7 13.Ne4 Be7 14.Rc1 Rc8 15.Nd6 Bxd6
16.Bxd6 Re8 17.b4 Ne7 18.Rxc8 Nxc8 19.Be5 Nb6 20.Qc2 Nbd7 21.Bb2 Qa8 22.Be2 Rc8
23.Qd2 h6 24.h3 Bd5 25.Rc1 Rxc1+ 26.Qxc1 Qb7 27.Bd4 Ne8 28.Qa1 Qc6 29.Bd1 f6
30.a4  1/2-1/2

[Event "Turku We TSY"]
[Site "Turku"]
[Date "1998.??.??"]
[Round "4"]
[White "Maki Uuro, Miikka"]
[Black "Nokso Koivisto, Antti"]
[Result "1-0"]
[WhiteElo "2315"]
[BlackElo "2215"]

1.Nf3 d5 2.c4 e6 3.d4 Nf6 4.Nc3 Be7 5.Bf4 O-O 6.e3 c5 7.dxc5 Bxc5 8.Qc2 Nc6
9.Rd1 Qa5 10.Nd2 Bb4 11.Nb3 Qb6 12.cxd5 exd5 13.Be2 Be6 14.O-O Rac8 15.Na4 Qd8
16.Qb1 h6 17.a3 Be7 18.Nac5 Bxc5 19.Nxc5 Qe7 20.b4 b6 21.Nb3 Ne4 22.Qb2 Qb7
23.f3 Ng5 24.b5 Na5 25.Nxa5 bxa5 26.h4 Nh7 27.Be5 f6 28.Bd4 Bf5 29.Rc1 Rfe8
30.Qd2 Rc7 31.Rxc7 Qxc7 32.Rc1 Qg3 33.Qe1 Qxe1+ 34.Rxe1 Re7 35.g4 Bg6 36.Rc1 Nf8
37.Rc8 Be8 38.Bc5 Re6 39.Ra8 Nd7 40.Bd4  1-0

[Event "Champions op"]
[Site "USA"]
[Date "1998.??.??"]
[Round "?"]
[White "Gurevich, Dmitry"]
[Black "Ziatdinov, Raset"]
[Result "1-0"]
[WhiteElo "2540"]
[BlackElo "2515"]

1.d4 d5 2.c4 e6 3.Nf3 Nf6 4.Nc3 Be7 5.Bf4 O-O 6.e3 c5 7.dxc5 Bxc5 8.Qc2 Nc6
9.a3 Qa5 10.O-O-O a6 11.Kb1 Be7 12.h4 dxc4 13.Bxc4 b5 14.Bb3 Bb7 15.Ng5 Rac8
16.Nce4 g6 17.Nc5 Qb6 18.Ngxe6 Na5 19.Nxf8 Rxc5 20.Nxg6 Be4 21.Nxe7+ Kg7
22.Rd6 Qb7 23.Bh6+ Kxh6 24.Rxf6+ Kg7 25.Rxf7+  1-0

[Event "Donau op"]
[Site "Vienna"]
[Date "1998.??.??"]
[Round "5"]
[White "Schroll, Gerhard"]
[Black "Kreindl, Helmut"]
[Result "1-0"]
[WhiteElo "2395"]
[BlackElo "2270"]

1.d4 d5 2.c4 e6 3.Nc3 Nf6 4.Nf3 Be7 5.Bf4 O-O 6.e3 b6 7.cxd5 Nxd5 8.Nxd5 Qxd5
9.Bd3 Bb4+ 10.Ke2 Ba6 11.Bxc7 Rc8 12.Bxb8 Bxd3+ 13.Qxd3 Raxb8 14.a3 Bd6 15.Rhc1 Qh5
16.Qa6 Rd8 17.h3 e5 18.dxe5 Bxe5 19.g4 Qxh3 20.Nxe5  1-0

[Event "CHI-ch"]
[Site "Vina del Mar"]
[Date "1998.??.??"]
[Round "2"]
[White "Minzer, Claudio Javier"]
[Black "Frey, Hugo"]
[Result "1-0"]
[WhiteElo "2380"]
[BlackElo "2215"]

1.Nf3 Nf6 2.c4 e6 3.Nc3 d5 4.d4 Be7 5.Bf4 O-O 6.e3 b6 7.Rc1 c6 8.Be2 Bb7
9.h3 Nbd7 10.cxd5 exd5 11.O-O Re8 12.a3 Nf8 13.Bh2 Ng6 14.b4 Bd6 15.Bxd6 Qxd6
16.Qb3 a6 17.Bd3 Re7 18.a4 Rae8 19.a5 b5 20.Bxg6 hxg6 21.Ne5 Bc8 22.Ne2 Rc7
23.Ng3 Bf5 24.Rc5 Nd7 25.Nxd7 Bxd7 26.Rfc1 Qf6 27.Qd1 Rcc8 28.Nf1 g5 29.Nd2 g6
30.Nf3 Re6 31.Ne5 Rd6 32.R1c3 Kf8 33.f3 Be8 34.Qe1 Kg7 35.Qg3 Qe6 36.Kf2 f6
37.Nd3 Qf5  1-0

[Event "JUG-chT"]
[Site "Vrnjacka Banja"]
[Date "1998.??.??"]
[Round "?"]
[White "Beliavsky, Alexander G"]
[Black "Goldin, Alexander"]
[Result "1-0"]
[WhiteElo "2645"]
[BlackElo "2570"]

1.Nf3 d5 2.d4 Nf6 3.c4 e6 4.Nc3 Be7 5.Bf4 O-O 6.e3 c5 7.dxc5 Bxc5 8.a3 Nc6
9.Qc2 Qa5 10.O-O-O Be7 11.Nd2 e5 12.Bg5 d4 13.Nb3 Qb6 14.exd4 Nxd4 15.Nxd4 exd4
16.Bxf6 Bxf6 17.Nd5 Qd8 18.Qe4 Be6 19.Nxf6+ Qxf6 20.Qxd4 Qg5+ 21.f4 Qa5 22.Be2 Rac8
23.Kb1 Qa4 24.Rc1 b5 25.Qd1 Qa5 26.cxb5 Rcd8 27.Qe1 Qa4 28.Qb4 Qxb4 29.axb4 Rd4
30.Rhf1 Rxb4 31.f5 Bd5 32.Rc5 Bxg2 33.Rg1 Be4+ 34.Ka2 Rd4 35.f6 Bg6 36.fxg7 Re8
37.Bc4 Kxg7 38.Rc7 Rf4 39.b3 Ra8 40.Ka3 Kh6 41.Kb4 a5+ 42.Ka4 Rf2 43.b6 Rb8
44.Rc6 Rf5 45.Rd1 f6 46.Rf1 Rh5 47.Rcxf6 Rxh2 48.Kb5 Rd2 49.Rg1 Rd7 50.Kxa5 Kh5
51.Rc6 Rd2 52.Rc7 Be4 53.Re7 Bg6 54.b7 Rd6 55.Kb5 Rf8 56.Kc5 Rdf6 57.Bd5 Rd8
58.Re5+ Kh6 59.Ra1 Rff8 60.Ra8  1-0

[Event "POL-chT2"]
[Site "Wisla"]
[Date "1998.??.??"]
[Round "?"]
[White "Laszewicz, Pawel"]
[Black "Kasperek, Wieslaw"]
[Result "1-0"]
[WhiteElo "2220"]
[BlackElo "2230"]

1.d4 Nf6 2.c4 e6 3.Nf3 d5 4.Nc3 Be7 5.Bf4 O-O 6.e3 c6 7.cxd5 exd5 8.Bd3 Bg4
9.Qc2 Nbd7 10.Ne5 Be6 11.h3 Re8 12.g4 Nf8 13.Bg3 N6d7 14.f4 Bh4 15.Qf2 Bxg3
16.Qxg3 f6 17.Nxd7 Bxd7 18.O-O-O Rc8 19.Kb1 Be6 20.f5 Bf7 21.h4 Qe7 22.Rh3 Kh8
23.Ne2 c5 24.Nf4 cxd4 25.exd4 a6 26.g5 Red8 27.g6 Be8 28.gxh7 Nxh7 29.h5 Kg8
30.h6 Ng5 31.Re1 Qc7 32.h7+ Nxh7 33.Qh4 Nf8 34.Qh8+ Kf7 35.Rg3  1-0

[Event "POL-chT2"]
[Site "Wisla"]
[Date "1998.??.??"]
[Round "?"]
[White "Szczesniak, Konrad"]
[Black "Jusiak, Grzegorz"]
[Result "1-0"]
[WhiteElo "2155"]
[BlackElo "2220"]

1.d4 d5 2.c4 e6 3.Nf3 Nf6 4.Nc3 Be7 5.Bf4 O-O 6.e3 c6 7.Bd3 Nbd7 8.h3 a6
9.O-O b5 10.cxd5 cxd5 11.Rc1 Bb7 12.Qb3 Qa5 13.Ne5 Rfc8 14.a3 Nxe5 15.Bxe5 Bc6
16.Na2 Qb6 17.Nb4 Nd7 18.Bf4 Nf6 19.Bb1 g6 20.Bg5 Kg7 21.Nd3 Bf8 22.Nc5 Ne4
23.Bxe4 dxe4 24.Qc3 Bd5 25.b4 a5 26.Ra1 axb4 27.axb4 Qc6 28.f3 Kg8 29.f4 Rc7
30.Rxa8 Qxa8 31.Ra1 Ra7 32.Ra5 Rxa5 33.bxa5 Qc6 34.Bf6 Bd6 35.Qe1 h6 36.Qh4 Kh7
37.Be7 b4 38.Qf6 Kg8 39.Bxd6 Qxd6 40.Qe5 Qd8 41.a6 Qb6 42.Nd7 Qxa6 43.Qb8+ Kh7
44.Nf6+ Kg7 45.Ne8+ Kh7 46.Qe5  1-0

[Event "POL-chT2"]
[Site "Wisla"]
[Date "1998.??.??"]
[Round "?"]
[White "Zowada, Kazimierz"]
[Black "Wisniewski, Adrian"]
[Result "0-1"]
[WhiteElo "2230"]
[BlackElo "2185"]

1.d4 d5 2.Nf3 Nf6 3.c4 e6 4.Nc3 Be7 5.Bf4 a6 6.e3 O-O 7.a3 Nbd7 8.Rc1 dxc4
9.Bxc4 b5 10.Ba2 c5 11.O-O Bb7 12.Qe2 Rc8 13.Rfd1 Qb6 14.e4 b4 15.e5 bxc3
16.exf6 Bxf6 17.dxc5 Nxc5 18.bxc3 Ne4 19.Ne5 Bxe5 20.Bxe5 Qa5 21.Bd4 e5 22.Qb2 exd4
23.Qxb7 Nxc3 24.Bxf7+ Kh8 25.Qe7 Qf5 26.Qe1 Qxf7  0-1

[Event "Ardid mem 10th op"]
[Site "Zaragoza"]
[Date "1998.??.??"]
[Round "3"]
[White "San Segundo, Pablo"]
[Black "Hernando, Antonio"]
[Result "1-0"]
[WhiteElo "2505"]
[BlackElo "2240"]

1.d4 d5 2.c4 e6 3.Nc3 Nf6 4.Nf3 Be7 5.Bf4 O-O 6.e3 c6 7.Bd3 Nbd7 8.c5 b6
9.b4 Bb7 10.O-O a5 11.a3 bxc5 12.bxc5 Ba6 13.Bxa6 Rxa6 14.Rb1 Qa8 15.h3 Rc8
16.Rb2 Bd8 17.Qc2 Bc7 18.Rfb1 Bxf4 19.exf4 g6 20.Rb3 Kg7 21.R1b2 Rc7 22.g3 Qd8
23.Kg2 Ra8 24.Na4 Raa7 25.Qe2 Ng8 26.Nb6 Qf6 27.Nxd7 Rxd7 28.Ne5 Rdc7 29.Rb8 h5
30.Nf3 Ne7 31.Qe5 Qxe5 32.fxe5 Nc8 33.g4 Kh6 34.a4 g5 35.R2b3 h4 36.Ne1 Ne7
37.Nd3 Ng6 38.Kf3 Kg7 39.Ke3 f5 40.exf6+ Kxf6 41.f4 gxf4+ 42.Nxf4 e5 43.Nxg6 exd4+
44.Kxd4 Kxg6 45.R3b6 Kg5 46.Rf8 Rf7 47.Rxf7 Rxf7 48.Rxc6 Rf4+ 49.Kxd5 Rxa4
50.Rc8 Ra3 51.c6  1-0

[Event "Basel Hilton op"]
[Site "Basel"]
[Date "1999.01.02"]
[Round "2"]
[White "Razuvaev, Yuri S"]
[Black "Ciric, Dragoljub M"]
[Result "1/2-1/2"]
[WhiteElo "2560"]
[BlackElo "2340"]

1.d4 d5 2.c4 e6 3.Nf3 Nf6 4.Nc3 Be7 5.Bf4 O-O 6.e3 b6 7.Rc1 c5 8.dxc5 bxc5
9.Be2 Bb7 10.O-O Nbd7 11.Qb3 Qb6 12.Rfd1 Rfd8 13.Qc2 Rac8 14.h3 Nf8 15.Qb3 Ng6
16.Bg3 Ne4 17.Nxe4 dxe4 18.Nd2 f5 19.Nb1 e5  1/2-1/2

[Event "Rilton Cup 9899"]
[Site "Stockholm"]
[Date "1999.01.02"]
[Round "5"]
[White "Agrest, Evgenij"]
[Black "Ahlander, Bjorn"]
[Result "1-0"]
[WhiteElo "2545"]
[BlackElo "2410"]

1.c4 e6 2.Nc3 d5 3.d4 Nf6 4.Nf3 Be7 5.Bf4 O-O 6.e3 c5 7.dxc5 Bxc5 8.a3 Nc6
9.b4 Be7 10.cxd5 exd5 11.Be2 Be6 12.Nd4 Nxd4 13.Qxd4 Ne4 14.O-O Bf6 15.Be5 Bxe5
16.Qxe5 Qf6 17.Qxf6 Nxf6 18.Nb5 a6 19.Nd4 Rfc8 20.Rfb1 Bd7 21.Kf1 g6 22.Ke1 h5
23.f3 Kf8 24.Kd2 Ke7 25.a4 Ne8 26.a5 Nc7 27.Bd3 Ne6 28.Ne2 Bc6 29.Ra3 Rd8
30.Re1 Rac8 31.Rc3 Kf6 32.Nd4 Nxd4 33.exd4 Re8 34.Rxe8 Rxe8 35.Bxa6 Rb8 36.Bd3 Ke6
37.b5 Bd7 38.Ra3 Kd6 39.Kc3 Re8 40.Kb4 h4 41.a6 bxa6 42.Rxa6+ Kc7 43.Ra7+ Kd6
44.b6 h3 45.gxh3 Re3 46.Bc2 Be6 47.Rc7 Rxf3 48.Ba4 Rxh3 49.Rc6+ Ke7 50.b7 Rh8
51.Kc5 f5 52.Kb6 f4 53.Ka7 f3 54.b8=Q Rxb8 55.Kxb8 f2 56.Rc1 Bh3 57.Bb5 Ke6
58.Bf1  1-0

[Event "Bad Zwesten op"]
[Site "Bad Zwesten"]
[Date "1999.01.03"]
[Round "2"]
[White "Epishin, Vladimir"]
[Black "Schumacher, Gottfried"]
[Result "1-0"]
[WhiteElo "2578"]
[BlackElo "2187"]

1.d4 Nf6 2.c4 e6 3.Nf3 d5 4.Nc3 Be7 5.Bf4 O-O 6.e3 Nbd7 7.Rc1 dxc4 8.Bxc4 c5
9.dxc5 Nxc5 10.O-O b6 11.Qe2 a6 12.Rfd1 Qe8 13.e4 b5 14.b4 Ncxe4 15.Nxe4 bxc4
16.Nxf6+ Bxf6 17.Bd6 Be7 18.Bxe7 Qxe7 19.Qxc4 Bb7 20.Qc7 Qxc7 21.Rxc7 Bd5
22.a3 a5 23.b5 Rab8 24.Nd4 a4 25.f3 Rfc8 26.b6 Kf8 27.Rdc1 Re8 28.Rb1 Rec8
29.Rb4 Ke8 30.Nb5 Rd8 31.Ra7 Bc6 32.Nc7+ Ke7 33.Na6+ Rb7 34.Rxb7+ Bxb7 35.Nc5 Bc6
36.Nxa4 Kd6 37.Nb2 Kc5 38.Nc4 Rb8 39.Na5 Bb5 40.Nb3+ Kxb6 41.a4  1-0

[Event "Rilton Cup 9899"]
[Site "Stockholm"]
[Date "1999.01.06"]
[Round "9"]
[White "Nielsen, Peter Heine"]
[Black "Ahlander, Bjorn"]
[Result "1/2-1/2"]
[WhiteElo "2515"]
[BlackElo "2410"]

1.d4 d5 2.c4 e6 3.Nf3 Nf6 4.Nc3 Be7 5.Bf4 O-O 6.e3 c5 7.dxc5 Bxc5 8.a3 Nc6
9.b4 Be7 10.cxd5 Nxd5 11.Nxd5 exd5 12.Bd3 Bf6 13.Rc1 a6 14.O-O Re8 15.Rc5 g6
16.h3 Be6 17.Qb1 d4 18.Rd1 Qb6 19.e4 Qd8 20.Bg3 Qd7 21.Rdc1 Be7 22.R5c2 Bd6
23.Bxd6 Qxd6 24.Qb2 Re7 25.Rc5 f6 26.Qd2 Kg7 27.Bxa6 Ne5 28.Nxe5 fxe5 29.Bc4 Rxa3
30.Bxe6 Qxe6 31.Rd5 Qf6 32.Qb2 Rd3 33.Rdc5  1/2-1/2

[Event "EUCup final 14th"]
[Site "Belgrade"]
[Date "1999.01.13"]
[Round "3"]
[White "Golod, Vitali"]
[Black "Lputian, Smbat G"]
[Result "1/2-1/2"]
[WhiteElo "2553"]
[BlackElo "2614"]

1.d4 e6 2.c4 d5 3.Nf3 Nf6 4.Nc3 Be7 5.Bf4 O-O 6.e3 c5 7.dxc5 Bxc5 8.a3 Nc6
9.b4 Be7 10.cxd5 exd5 11.Be2 Be6 12.Nd4 a5 13.Nxe6 fxe6 14.b5 Nb8 15.Bg4 Nxg4
16.Qxg4 Rf6 17.O-O Nd7 18.Rfd1 Nb6 19.Ne2 Rg6 20.Qh3 Bd6 21.e4  1/2-1/2

[Event "NRW-Liga I 9899"]
[Site "GER"]
[Date "1999.01.20"]
[Round "5"]
[White "Roeder, Mathias"]
[Black "Klovans, Janis"]
[Result "0-1"]
[WhiteElo "2445"]
[BlackElo "2465"]

1.d4 Nf6 2.c4 e6 3.Nf3 d5 4.Nc3 Be7 5.Bf4 c5 6.dxc5 Bxc5 7.e3 O-O 8.cxd5 Nxd5
9.Nxd5 exd5 10.Bd3 Bb4+ 11.Ke2 Nc6 12.Qc2 h6 13.h3 Re8 14.Rhd1 Qf6 15.Kf1 g5
16.Bg3 Bxh3 17.Nxg5 hxg5 18.gxh3 Rxe3 19.Kg1 Nd4 20.Bh7+ Kg7 21.Rxd4 Rxg3+
22.fxg3 Qxd4+ 23.Kg2 Re8 24.Rf1 Re3 25.Rf3 Re1 26.Rf1 Rxf1 27.Kxf1 Bc5 28.Bd3 Qg1+
29.Ke2 Qe3+ 30.Kd1 Qxg3 31.Qc3+ d4 32.Qd2 Bd6 33.Kc2 Bf4 34.Qb4 Qf2+ 35.Kb3 Bc1
36.Bc2 Qe3+ 37.Ka4 b6 38.b3 Bd2 39.Qb5 Qe7 40.b4 Qd6 41.a3 a6 42.Qf5 Bc1
43.Kb3 Qf6 44.Qh7+ Kf8 45.Bd3 Qe6+ 46.Bc4 Qe3+ 47.Bd3 Ke7 48.a4 Qe1 49.Qe4+ Qxe4
50.Bxe4 Kd6 51.Kc4 Ke5 52.Bb7 a5 53.bxa5 bxa5 54.Kd3 Ba3 55.Kc4 f5 56.Kd3 Bc5
57.Ke2 Kf4 58.Bc8 g4 59.hxg4 fxg4 60.Bd7 d3+ 61.Kxd3 Kf3 62.Bc6+ Kf2 63.Kc4 Bb4  0-1

[Event "AUT2W-chT 9899"]
[Site "AUT"]
[Date "1999.01.23"]
[Round "5.5"]
[White "Von Herman, Ulf"]
[Black "Sucher, Johannes"]
[Result "1/2-1/2"]
[WhiteElo "2380"]
[BlackElo "2205"]

1.d4 d5 2.Nf3 e6 3.c4 Be7 4.Nc3 Nf6 5.Bf4 O-O 6.e3 b6 7.Rc1 Ba6 8.cxd5 Nxd5
9.Bxa6 Nxc3 10.Rxc3 Nxa6 11.O-O c5 12.dxc5 Qxd1 13.Rxd1 Nxc5 14.Rcc1 Rfd8
15.Ne5 Bf6 16.Rxd8+ Rxd8 17.Nc6 Bxb2 18.Rb1 Rd2 19.Nxa7 Nd3 20.Bc7 Nc1 21.g4 Ne2+
22.Kh1 Nc3 23.Rf1 Nd5 24.Bg3 Ba3 25.Nb5 Rxa2 26.Rd1 h6 27.e4 Nf6 28.Rd8+ Kh7
29.f3 Bc5 30.Nc7 Kg6 31.h4 Bf2 32.Kg2 Bxg3+ 33.Kxg3 Ra7 34.Nb5 Rb7 35.h5+ Kh7
36.Rf8 Rd7 37.Rb8 Rd3 38.Kf2 Nd7 39.Rb7 f5 40.exf5 exf5 41.gxf5 Ne5 42.Ke2 Rxf3
43.Nd6 Rf4 44.Ke3 Rh4 45.Ne8 Kg8 46.Nxg7 Ng4+ 47.Kf4 Nf2+ 48.Ke5 Re4+ 49.Kf6 Ng4+
50.Kg6 Ne5+ 51.Kxh6 Rg4 52.Rb8+ Kf7  1/2-1/2

[Event "Geneve op"]
[Site "Geneve"]
[Date "1999.01.25"]
[Round "3"]
[White "Goldin, Alexander"]
[Black "Meijers, Viesturs"]
[Result "1/2-1/2"]
[WhiteElo "2585"]
[BlackElo "2418"]

1.d4 d5 2.c4 e6 3.Nf3 Nf6 4.Nc3 Be7 5.Bf4 O-O 6.e3 b6 7.Qc2 Bb7 8.Rd1 Nbd7
9.cxd5 exd5 10.Be2 a6 11.O-O Re8 12.h3 Nf8 13.Ne5 Bd6 14.Bf3 c5 15.a4 cxd4
16.exd4 Ne6 17.Be3 Nxd4 18.Bxd4 Bxe5 19.Qb3 Re6 20.Be3 Rd6 21.Bg5 Bxc3 22.bxc3 h6
23.Bf4 Rc6 24.c4 Rac8 25.Bxd5 Nxd5 26.cxd5 Rc3 27.Qb2 Rc2 28.Qe5 R8c5 29.Be3 Ra5
30.Rd4 Rxd5 31.Rxd5 Qxd5 32.Qxd5 Bxd5 33.Bxb6  1/2-1/2

[Event "Ubeda op"]
[Site "Ubeda"]
[Date "1999.01.25"]
[Round "6"]
[White "Sulipa, Aleksandar"]
[Black "Yegiazarian, Arsen"]
[Result "0-1"]
[WhiteElo "2415"]
[BlackElo "2500"]

1.c4 Nf6 2.Nf3 e6 3.Nc3 d5 4.d4 Be7 5.Bf4 O-O 6.e3 c5 7.dxc5 Bxc5 8.a3 Nc6
9.b4 Be7 10.cxd5 Nxd5 11.Nxd5 exd5 12.Bd3 Bg4 13.O-O a6 14.Rc1 Re8 15.Bb1 Bf6
16.h3 Be6 17.Qd2 Qe7 18.Rfe1 Rad8 19.Bd3 Rc8 20.Rc5 Na7 21.Rec1 Rxc5 22.Rxc5 Rc8
23.Qc2 g6 24.Nd4 Rxc5 25.bxc5 Nc6 26.Nxe6 fxe6 27.Bd6 Qd7 28.e4 Kg7 29.Qb3 Qf7
30.f4 Bd4+ 31.Kh1 Be3 32.Be2 d4 33.Bg4 e5 34.Qxf7+ Kxf7 35.fxe5 d3 36.e6+ Ke8
37.Bd1 Bc1 38.a4 Ba3 39.Kg1 b6 40.a5 Nxa5 41.Kf2 Bxc5+ 42.Bxc5 bxc5 43.Ke3 Nc4+  0-1

[Event "Bundesliga 9899"]
[Site "Germany"]
[Date "1999.01.30"]
[Round "8.4"]
[White "Bunzmann, Dimitrij"]
[Black "Schmittdiel, Eckhard"]
[Result "1/2-1/2"]
[WhiteElo "2555"]
[BlackElo "2483"]

1.d4 e6 2.c4 Nf6 3.Nf3 d5 4.Nc3 Be7 5.Bf4 O-O 6.e3 c5 7.dxc5 Nc6 8.Be2 Bxc5
9.O-O a6 10.Rc1 d4 11.Na4 Ba7 12.exd4 Nxd4 13.Be3 Nxf3+ 14.Bxf3 Bxe3 15.fxe3 Qc7
16.c5 Rd8 17.Qc2 Bd7 18.Nb6 Rab8 19.Nxd7 Nxd7 20.b4 Ne5 21.Be2 h6 22.a4 Nc6
23.b5 Nb4 24.Qe4 a5 25.Bc4 Kh8 26.Qf4 Qxf4 27.Rxf4 Rbc8 28.Be2 Kg8 29.Rd4 Rd5
30.Bf3 Rxd4 31.exd4 Rc7 32.Kf1 Kf8 33.Ke2 Ke7 34.Rb1 Kd8 35.Kd2 Rd7 36.Kc3 Kc7
37.b6+ Kc8 38.Kc4 Nc2 39.c6 bxc6 40.Kc5 Nxd4 41.Bxc6 Nxc6 42.Kxc6 Rd2 43.Kb5 Kb7
44.Kxa5 Rd6 45.h4 e5 46.g4 e4 47.Re1 Re6 48.Kb5 Rxb6+ 49.Kc5 Re6 50.Kd4 Ra6
51.Rb1+ Kc7 52.Kxe4 Rxa4+ 53.Kf5 Rd4 54.h5 Rd2 55.Ra1 Kd7 56.Ra7+ Ke8 57.Ra8+ Rd8
58.Ra5 Kf8 59.Rb5 Ke7 60.Ra5 Rd7 61.Rb5 Rc7 62.Ra5 Kd6 63.Ra6+ Kd7 64.Ra5 Ke7
65.Ra6 Rb7 66.Ra5 Rc7 67.Ra6 Rc5+ 68.Kf4 Rd5 69.Ke4 Rd6 70.Ra7+ Kf6 71.Ra5 Rb6
72.Rf5+ Ke7 73.Ra5 Re6+ 74.Kf5 g6+  1/2-1/2

[Event "Nova Gorica op"]
[Site "Nova Gorica"]
[Date "1999.01.30"]
[Round "3"]
[White "Timoshchenko, Gennadi A"]
[Black "Shabalov, Alexander"]
[Result "1/2-1/2"]
[WhiteElo "2500"]
[BlackElo "2620"]

1.Nf3 d5 2.d4 Nf6 3.c4 e6 4.Nc3 Be7 5.Bf4 O-O 6.e3 c5 7.dxc5 Bxc5 8.Be2 Nc6
9.O-O a6 10.cxd5 exd5 11.Rc1 Ba7 12.Ne5 Ne7 13.Bf3 h6 14.Qe2 Be6 15.Rfd1 Qa5
16.h3 Rfd8 17.Bh2 Rac8 18.Nd3 Bf5 19.Nf4 Kf8 20.a3 Be4 21.Bxe4 dxe4 22.Rxd8+ Rxd8
23.Rd1 Ke8 24.Rxd8+ Qxd8 25.Nh5 Nxh5 26.Qxh5 Qd2 27.Qd1 Qxd1+ 28.Nxd1 Nd5
29.Kf1 Ke7 30.Ke2 Ke6 31.Kd2 Bb6 32.Nc3 Nxc3 33.Kxc3 Kd5 34.a4 f5 35.b3 g5
36.Kd2 Ba5+ 37.Kd1 h5 38.Bb8 Bd8 39.Kd2 Kc5 40.Kc2 Ba5 41.Be5 Be1 42.Bf6 Bxf2
43.Bxg5 Bg3 44.Bh6 Kd5 45.Kd2 Ke5 46.Bg7+ Ke6 47.Ke2 Bd6 48.Bc3 Kd5 49.Bd2 Kc6
50.Bc3 b5 51.axb5+ Kxb5 52.Be1 Bc5 53.Bc3 Bb4 54.Be5 Bc5 55.Bc3 Bb6 56.Be1 Bc7
57.Kd1 Bd8 58.Bg3 Bg5 59.Bf2 Kc5 60.Kc2 Bh6  1/2-1/2

[Event "Bundesliga 9899"]
[Site "Germany"]
[Date "1999.01.31"]
[Round "9.3"]
[White "Siegel, Georg"]
[Black "Vaganian, Rafael A"]
[Result "1/2-1/2"]
[WhiteElo "2483"]
[BlackElo "2605"]

1.d4 d5 2.c4 e6 3.Nc3 Be7 4.Nf3 Nf6 5.Bf4 c6 6.e3 Nbd7 7.Ne5 O-O 8.Bd3 dxc4
9.Bxc4 Nd5 10.Bg3 Qa5 11.Rc1 Nxe5 12.Bxe5 b5 13.Bb3 Ba6 14.O-O b4 15.Nxd5 exd5
16.Re1 Bb5 17.Qg4 g6 18.e4 Bc4 19.Qd7 Rfe8 20.Qxc6 Bxb3 21.axb3 dxe4 22.Rxe4 Qb6
23.Bc7 Qxc6 24.Rxc6 Bc5 25.Be5  1/2-1/2

[Event "Yangon schev"]
[Site "Yangon"]
[Date "1999.02.03"]
[Round "4"]
[White "Sharavdorj, Dashzeveg"]
[Black "Sunthornpongsathorn, Veeraphol"]
[Result "1-0"]
[WhiteElo "2431"]
[BlackElo "2335"]

1.d4 Nf6 2.Nf3 e6 3.c4 d5 4.Nc3 Be7 5.Bf4 O-O 6.e3 c6 7.Qc2 Nbd7 8.Rd1 Re8
9.Bd3 a6 10.a3 dxc4 11.Bxc4 Nd5 12.Bxd5 exd5 13.Nxd5 cxd5 14.Bc7 Bb4+ 15.axb4 Qe7
16.Qb3 Nf6 17.Be5 Be6 18.Bxf6 Qxf6 19.Ne5 Rec8 20.O-O Qd8 21.Rc1 f6 22.Nd3 Rc4
23.Nc5 Bf7 24.Qa3 Qb6 25.Rxc4 dxc4 26.Rd1 f5 27.h3 Bd5 28.f3 Re8 29.Nd7 Qg6
30.Ne5 Qg3 31.Qa5 b5 32.Qxa6 h6 33.Qxb5 Rd8 34.Qa5 Qg5 35.Re1 Kh7 36.b5 Ra8
37.Qb4 Ra2 38.b6 Qg3 39.Rc1 f4 40.b7 Bxb7 41.Qxb7 fxe3 42.Qe4+ Kh8 43.Nf7+ Kg8
44.Qe8+ Kh7 45.Qh8+ Kg6 46.Ne5+ Kh5 47.Qe8+ g6 48.Nxc4 Qf2+ 49.Kh2 e2 50.Qe5+ g5
51.Qe8+ Kh4 52.Qe4+ Kh5 53.Ne5  1-0

[Event "RUS-Cup03 (Geller mem)"]
[Site "Moscow"]
[Date "1999.02.09"]
[Round "8"]
[White "Kiriakov, Petr"]
[Black "Akhmadeev, Vadim"]
[Result "1-0"]
[WhiteElo "2564"]
[BlackElo "2467"]

1.d4 d5 2.c4 e6 3.Nc3 Be7 4.Nf3 Nf6 5.Bf4 O-O 6.e3 c5 7.dxc5 Bxc5 8.Be2 dxc4
9.Bxc4 a6 10.Qe2 b5 11.Bd3 Bb7 12.O-O Nbd7 13.Rfd1 Qe7 14.Bg5 h6 15.Bh4 Qe8
16.Rac1 Be7 17.Bb1 Rc8 18.a3 g6 19.Bg3 Nh5 20.Bd6 Bxd6 21.Rxd6 Qe7 22.Rcd1 Nhf6
23.e4 e5 24.Qd2 Kg7 25.Rxd7 Nxd7 26.Qxd7 Rc7 27.Qd2 Qc5 28.h3 Re8 29.Nh2 h5
30.Nf1 Rcc8 31.Ne3 Red8 32.Ncd5 Bxd5 33.Nxd5 Qd6 34.Ba2 Qc6 35.Bb3 Rd6 36.Kh2 Qe8
37.Nc7 Rxd2 38.Nxe8+  1-0

[Event "RUS-Cup03 (Geller mem)"]
[Site "Moscow"]
[Date "1999.02.10"]
[Round "1"]
[White "Rustemov, Alexander"]
[Black "Zenin, Dmitri"]
[Result "1-0"]
[WhiteElo "2539"]
[BlackElo "2345"]

1.d4 Nf6 2.c4 e6 3.Nc3 d5 4.Nf3 Be7 5.Bf4 O-O 6.e3 b6 7.Rc1 a6 8.cxd5 exd5
9.Ne5 Bb7 10.Be2 Nbd7 11.O-O Re8 12.Qb3 Nf8 13.Bg5 Ne6 14.f4 c5 15.Rcd1 c4
16.Qc2 b5 17.Bf3 Nc7 18.Bxf6 Bxf6 19.g4 Be7 20.g5 Bd6 21.Qg2 Bf8 22.h4 Qd6
23.h5 Rad8 24.Kf2 Bc8 25.g6 hxg6 26.hxg6 fxg6 27.Rh1  1-0

[Event "RUS-Cup03 (Geller mem)"]
[Site "Moscow"]
[Date "1999.02.11"]
[Round "2"]
[White "Yuferov, Sergey  N"]
[Black "Burmakin, Vladimir"]
[Result "1/2-1/2"]
[WhiteElo "2415"]
[BlackElo "2534"]

1.d4 d5 2.c4 e6 3.Nc3 Be7 4.Nf3 Nf6 5.Bf4 O-O 6.e3 c5 7.dxc5 Qa5 8.Be2 Rd8
9.Qa4 Qxa4 10.Nxa4 Bd7 11.Nc3 dxc4 12.Bxc4 Bxc5 13.Ke2 Bc6 14.Rhd1 Nbd7 15.Bb5 Bxb5+
16.Nxb5 Nd5 17.Bg3 N7f6 18.Nc7 Rac8 19.Nxd5 Nxd5 20.Rac1 Bb6 21.a3 Rxc1 22.Rxc1 f6
23.e4 Ne7 24.e5 Nf5 25.exf6 Nxg3+ 26.hxg3 gxf6 27.g4 Kf7 28.Rc4 Kg6 29.Nh4+ Kh6
30.Nf3 Kg6 31.Nh4+ Kf7 32.Nf3 Ke7 33.Rc1 Rg8 34.Rh1 Rg7 35.Rh6 Kf7 36.g3 Bc7
37.Rh1 Kg8 38.Rc1 Rd7 39.Rc4 Kf7 40.Rb4 Bd6 41.Rd4 h6 42.Nh4 Ke8 43.f4 b5
44.Nf3 Bc7 45.Re4 e5 46.fxe5 fxe5 47.g5 hxg5 48.Nxg5 Ke7 49.Rh4 Kf6 50.Ne4+ Kg6
51.Nc3 a6 52.Rh8 Bd8 53.Re8 Kf5 54.Rf8+ Ke6 55.Re8+ Kf5 56.Rf8+ Ke6  1/2-1/2

[Event "Cappelle op"]
[Site "Cappelle la Grande"]
[Date "1999.02.13"]
[Round "1"]
[White "Legky, Nikolay A"]
[Black "Nenashev, Alexander"]
[Result "1/2-1/2"]
[WhiteElo "2487"]
[BlackElo "2616"]

1.d4 Nf6 2.Nf3 d5 3.c4 e6 4.Nc3 Be7 5.Bf4 O-O 6.e3 c5 7.dxc5 Bxc5 8.cxd5 Nxd5
9.Nxd5 exd5 10.a3 Nc6 11.Be2 h6 12.O-O Be6 13.Ne5 Bd6  1/2-1/2